00245nam a2200097Ia 4500008004000000082001800040100001800058245002300076260003900099650000900138210210b2003 xxu||||| |||| 00| 0 eng d a793.73K SUCC aSUCCESS QUIZ. aSuccess quiz vol.2 aHublibYoungstar''s universec2003 aQuiz